Statistics for Biggest Cities in Europe starting with E

Click here to take the quiz!

General Stats

  • This quiz has been taken 45 times
  • The average score is 4 of 15

Answer Stats

Population Country Answer % Correct
600,000GermanyEssen
93%
449,000United KingdomEdinburgh
84%
201,000NetherlandsEindhoven
44%
207,000FinlandEspoo
42%
130,000United KingdomExeter
33%
201,000GermanyErfurt
21%
149,000NetherlandsEnschede
16%
103,000United KingdomEastbourne
14%
191,000SpainElche
12%
124,000PolandElblag
12%
142,000AlbaniaElbasan
9%
110,000GermanyErlangen
7%
155,000RussiaElektrostal
5%
104,000RussiaElista
5%
190,000RussiaEngels
2%

Score Distribution

Percentile by Number Answered

Percent of People with Each Score

Your Score History

You have not taken this quiz